[Event "Helsinki We HSK kesaturnaus A"]
[Site "Helsinki"]
[Date "2018.05.27"]
[Round "5"]
[White "Wartiovaara, Oliver"]
[Black "Tumanov, Dmitri"]
[Result "0-1"]
[WhiteElo "2128"]
[BlackElo "2135"]
[PlyCount "114"]
[EventDate "2018.05.25"]
[EventType "swiss"]
[EventRounds "5"]
[EventCountry "FIN"]
[SourceTitle "EXT 2022"]
[Source "ChessBase"]
[SourceDate "2021.10.06"]
[SourceVersion "1"]
[SourceVersionDate "2021.10.06"]
[SourceQuality "1"]

1. d4 Nf6 2. Nf3 b6 3. g3 Bb7 4. Bg2 c5 5. c4 cxd4 6. 0-0 Qc7 7. Qxd4 Nc6 8. Qd1 Ne4 9. b3 g5 10. Bb2 Rg8 11. Nc3 Nxc3 12. Bxc3 Bg7 13. Qd3 Bxc3 14. Qxc3 0-0-0 15. c5 d5 16. cxb6 Qxb6 17. Rac1 Kb8 18. Ne5 Nxe5 19. Qxe5+ Qd6 20. Qxd6+ Rxd6 21. Rfd1 Rc8 22. Bf3 f5 23. g4 f4 24. Rxc8+ Kxc8 25. e3 e5 26. e4 d4 27. Rc1+ Rc6 28. Rxc6+ Bxc6 29. Kf1 Kc7 30. Ke1 Kb6 31. Kd2 Kc5 32. a3 a5 33. Kc2 h6 34. Bg2 Bb5 35. Kd2 Bd7 36. Bf3 a4 37. b4+ Kc4 38. Bd1 f3 39. Bc2 Be6 40. h3 Bd7 41. Bd1 Bc6 42. Bc2 Bb7 43. Bxa4 Bxe4 44. Bd7 Bd5 45. Bc8 e4 46. Ba6+ Kb3 47. b5 Bc4 48. Bb7 e3+ 49. fxe3 f2 50. Bg2 Bxb5 51. exd4 f1Q 52. Bxf1 Bxf1 53. Ke3 Bg2 54. d5 Bxd5 55. Kd4 Bg2 56. Ke5 Bxh3 57. Kf5 Bxg4+ 0-1

[Event "Helsinki We HSK kesaturnaus A"]
[Site "Helsinki"]
[Date "2018.05.26"]
[Round "2"]
[White "Tumanov, Dmitri"]
[Black "Khanov, Pavel"]
[Result "1-0"]
[WhiteElo "2135"]
[BlackElo "1902"]
[PlyCount "57"]
[EventDate "2018.05.25"]
[EventType "swiss"]
[EventRounds "5"]
[EventCountry "FIN"]
[SourceTitle "EXT 2022"]
[Source "ChessBase"]
[SourceDate "2021.10.06"]
[SourceVersion "1"]
[SourceVersionDate "2021.10.06"]
[SourceQuality "1"]

1. e4 c6 2. Nf3 d5 3. Nc3 Bg4 4. h3 Bxf3 5. Qxf3 e6 6. exd5 exd5 7. d4 Nf6 8. Bd3 Bd6 9. g4 0-0 10. g5 Re8+ 11. Be3 Ne4 12. Nxe4 dxe4 13. Bxe4 Qe7 14. Bd3 Qxg5 15. 0-0-0 Qd5 16. Qg4 Qxa2 17. Rhg1 g6 18. h4 Kh8 19. h5 Qe6 20. Qh4 Be7 21. Qh1 Kg8 22. hxg6 fxg6 23. Bxg6 Qxg6 24. Rxg6+ hxg6 25. Rg1 Kf7 26. Qh7+ Ke6 27. Rxg6+ Kd7 28. Rg7 Ke6 29. Qe4+ 1-0

[Event "FIN-chT1A 1718"]
[Site "Finland"]
[Date "2017.09.17"]
[Round "2.4"]
[White "Tumanov, Dmitri"]
[Black "Kaskinen, Timo"]
[Result "1-0"]
[WhiteElo "2088"]
[BlackElo "2022"]
[PlyCount "73"]
[EventDate "2017.09.16"]
[EventType "team-tourn"]
[EventRounds "7"]
[EventCountry "FIN"]
[SourceTitle "EXT 2020"]
[Source "ChessBase"]
[SourceDate "2019.10.17"]
[SourceVersion "1"]
[SourceVersionDate "2019.10.17"]
[SourceQuality "1"]
[WhiteTeam "Vantaa Remi"]
[BlackTeam "Vaasa VSS"]
[WhiteTeamCountry "FIN"]
[BlackTeamCountry "FIN"]

1. d4 Nf6 2. g3 g6 3. Bg2 Bg7 4. e4 d6 5. Nc3 0-0 6. Nge2 e5 7. h3 Nc6 8. Be3 exd4 9. Nxd4 Ne5 10. Qe2 c5 11. Nf3 Qb6 12. 0-0-0 Be6 13. Nxe5 dxe5 14. Nd5 Qa5 15. Kb1 Nd7 16. Qd2 Qa4 17. b3 Qa3 18. Nc7 Nb6 19. Nxa8 Rxa8 20. c4 Rc8 21. Qb2 Qa6 22. Rd6 Bf8 23. Rd3 Bg7 24. Rhd1 f5 25. Rd8+ Kf7 26. Rxc8 Nxc8 27. Bxc5 b5 28. Qa3 Qc6 29. cxb5 Qxb5 30. Qb4 Qe2 31. Rd2 Qe1+ 32. Kb2 Kf6 33. Bf8 Bh8 34. exf5 gxf5 35. Qh4+ Kf7 36. Qxh7+ Kxf8 37. Rd8# 1-0

[Event "FIN-chT1B 1617"]
[Site "Finland"]
[Date "2016.09.17"]
[Round "1.2"]
[White "Makinen, Ilkka"]
[Black "Tumanov, Dmitri"]
[Result "0-1"]
[WhiteElo "2130"]
[BlackElo "2139"]
[PlyCount "74"]
[EventDate "2016.09.17"]
[EventType "team-tourn"]
[EventRounds "7"]
[EventCountry "FIN"]
[SourceTitle "EXT 2019"]
[Source "ChessBase"]
[SourceDate "2018.10.10"]
[SourceVersion "1"]
[SourceVersionDate "2018.10.10"]
[SourceQuality "1"]
[WhiteTeam "Helsinki HSK II"]
[BlackTeam "Vantaa Remi"]
[WhiteTeamCountry "FIN"]
[BlackTeamCountry "FIN"]

1. g3 e5 2. Bg2 d5 3. d3 Bd6 4. Nd2 Ne7 5. e4 c6 6. Ngf3 0-0 7. 0-0 f5 8. Qe2 Nd7 9. c4 fxe4 10. dxe4 d4 11. Ng5 Nf6 12. c5 Bc7 13. Qc4+ Kh8 14. Nf7+ Rxf7 15. Qxf7 b5 16. Qb3 a5 17. Re1 a4 18. Qd1 Bg4 19. Nf3 Nd7 20. Qc2 Ba5 21. Bd2 Bxf3 22. Bxa5 Rxa5 23. Bxf3 b4 24. Rac1 Nxc5 25. Qc4 b3 26. a3 Nc8 27. Qf7 Nd6 28. Qh5 Nd3 29. Red1 Nxc1 30. Rxc1 g6 31. Qh6 c5 32. h4 c4 33. h5 g5 34. Bg4 c3 35. Kh2 c2 36. Bf5 Nxf5 37. exf5 d3 0-1

[Event "Helsinki We HSK 130"]
[Site "Helsinki"]
[Date "2016.08.28"]
[Round "5"]
[White "Tumanov, Dmitri"]
[Black "Nystrom, Leif"]
[Result "1-0"]
[WhiteElo "2139"]
[BlackElo "1952"]
[PlyCount "83"]
[EventDate "2016.08.26"]
[EventType "swiss"]
[EventRounds "5"]
[EventCountry "FIN"]
[SourceTitle "EXT 2022"]
[Source "ChessBase"]
[SourceDate "2021.10.06"]
[SourceVersion "1"]
[SourceVersionDate "2021.10.06"]
[SourceQuality "1"]

1. d4 Nf6 2. g3 d5 3. Nf3 e6 4. Bg2 Bd6 5. 0-0 Nbd7 6. c4 c6 7. Nc3 0-0 8. Nd2 Be7 9. e4 dxe4 10. Ndxe4 Nxe4 11. Nxe4 Nf6 12. Nc3 Qc7 13. Qe2 Re8 14. Rd1 h6 15. Be3 Bd7 16. Rac1 Qa5 17. Bf4 Rac8 18. Bd2 Qd8 19. Ne4 Nxe4 20. Bxe4 Bg5 21. f4 Bf6 22. Be3 Qa5 23. b4 Qd8 24. h4 g6 25. h5 Bg7 26. hxg6 f5 27. Bf3 Qe7 28. a3 Rf8 29. Bf2 Qf6 30. Bh5 Rce8 31. Qe5 Qd8 32. Qe3 Bf6 33. g7 Bxg7 34. Bxe8 Qxe8 35. d5 Qg6 36. dxe6 Bxe6 37. Rd6 Kf7 38. Qxa7 Re8 39. Qxb7+ Re7 40. Qxc6 h5 41. Re1 h4 42. Rdxe6 1-0

[Event "Espoo We MatSK A"]
[Site "Espoo"]
[Date "2016.02.28"]
[Round "4"]
[White "Tumanov, Dmitri"]
[Black "Luukkonen, Tommi"]
[Result "0-1"]
[WhiteElo "2143"]
[BlackElo "2301"]
[PlyCount "74"]
[EventDate "2016.02.26"]
[EventType "swiss"]
[EventRounds "5"]
[EventCountry "FIN"]
[SourceTitle "EXT 2022"]
[Source "ChessBase"]
[SourceDate "2021.10.06"]
[SourceVersion "1"]
[SourceVersionDate "2021.10.06"]
[SourceQuality "1"]

1. e4 c5 2. Nf3 e6 3. d4 cxd4 4. Nxd4 Nc6 5. Nxc6 bxc6 6. c4 Nf6 7. Bd3 d6 8. 0-0 e5 9. Nc3 Be7 10. Be2 0-0 11. Be3 Be6 12. b3 Qc7 13. f4 exf4 14. Bxf4 Rfd8 15. Rc1 Qa5 16. Qe1 Kh8 17. Bf3 Ng4 18. Na4 Qa6 19. Qg3 Ne5 20. Bxe5 dxe5 21. Qxe5 Bf6 22. Qg3 Qa5 23. Bg4 Be5 24. Qh3 Bxg4 25. Qxg4 Qd2 26. Rcd1 Qxa2 27. Qf3 f6 28. Rxd8+ Rxd8 29. Rd1 Rd4 30. Qg4 g6 31. Qf3 Qc2 32. Rxd4 Bxd4+ 33. Kf1 Kg7 34. h3 Kf7 35. e5 f5 36. g4 Qb1+ 37. Ke2 Qe4+ 0-1